000 00562nam a2200241Ia 4500
005 20251020182457.0
008 200515s9999 xx 000 0 und d
020 _a958-600-172-5
082 _a624.131/B39
100 _aBerry, Peter L.
100 _aReid, David
245 0 _aMecánica de suelos
260 _aSanta Fe de Bogotá, D.C.
260 _bMcGraw-Hill
260 _c1993
300 _a415 p.
300 _bil., tbl., graf.
500 _a1 ejemplar
650 _aMECANICA DE SUELOS
650 _aSUELOS
942 _cLIB
999 _c1040
_d1040